[Event "Prva liga Centralne Srbije"]
[Site "Pozarevac"]
[Date "2006.10.07"]
[Round "5.5"]
[White "Zivkovic, Momcilo"]
[Black "Mickovic, Slavisa"]
[Result "1/2-1/2"]
[WhiteElo "2160"]
[BlackElo "2065"]
[PlyCount "102"]
[EventDate "2006.09.09"]

1. e4 c6 2. d4 d5 3. exd5 cxd5 4. Nf3 Nc6 5. c3 Nf6 6. Bf4 Bg4 7. Nbd2 e6 8.
Qb3 Qc8 9. Bd3 Be7 10. O-O O-O 11. h3 Bh5 12. Rac1 Bg6 13. Bxg6 hxg6 14. Rfe1
Rd8 15. a4 Nd7 16. c4 Nf6 17. c5 Qd7 18. Re3 Rdc8 19. Qb5 a6 20. Qb3 Bd8 21.
Qd1 b6 22. Bd6 bxc5 23. dxc5 Bc7 24. Bxc7 Rxc7 25. Rd3 Rac8 26. Nc4 Qe7 27. Nd6
Rb8 28. Rb3 Rxb3 29. Qxb3 Ne4 30. Nxe4 dxe4 31. Nd2 f5 32. Qc3 Qf6 33. Qxf6
gxf6 34. Kf1 Nb4 35. Rc4 a5 36. Nb3 Nc6 37. Nd2 Rb7 38. b3 e5 39. Rc3 Kf7 40.
Nc4 Ke6 41. Nb6 Rb8 42. Nc4 Rb4 43. Ke1 f4 44. Nd6 Kd5 45. Nb5 Nd4 46. c6 Nxc6
47. Nc7+ Kd6 48. Ne8+ Ke7 49. Nxf6 Kxf6 50. Rxc6+ Kf5 51. Rc5 Rxb3 1/2-1/2

[Event "Prva liga Centralne Srbije"]
[Site "Smederevska Palanka"]
[Date "2006.10.07"]
[Round "5.6"]
[White "Ristic, Nenad"]
[Black "Cvetkovic, Nemanja"]
[Result "0-1"]
[WhiteElo "2441"]
[BlackElo "2179"]
[PlyCount "62"]
[EventDate "2006.09.09"]

1. e4 c5 2. Nf3 d6 3. d4 cxd4 4. Nxd4 Nf6 5. Nc3 a6 6. Bc4 e6 7. O-O b5 8. Bb3
Be7 9. Qf3 Qc7 10. Re1 O-O 11. e5 dxe5 12. Qg3 Bd6 13. Nde2 Bb7 14. Bh6 Ne8 15.
Rad1 Nd7 16. Rd2 Nc5 17. Red1 b4 18. Rxd6 bxc3 19. Nxc3 Kh8 20. Bxg7+ Nxg7 21.
Qxe5 f6 22. Qe2 Nf5 23. R6d2 Rg8 24. g3 Nh4 25. Kf1 Bg2+ 26. Kg1 Qb7 27. Bxe6
Nf3+ 28. Kxg2 Ne1+ 29. Kh3 Qg2+ 30. Kh4 Qxh2+ 31. Bh3 Ng2+ 0-1

[Event "Prva liga Centralne Srbije"]
[Site "Smederevska Palanka"]
[Date "2006.10.07"]
[Round "5.6"]
[White "Ravic, Nenad"]
[Black "Ristic, Nebojsa"]
[Result "1/2-1/2"]
[WhiteElo "2151"]
[BlackElo "2367"]
[PlyCount "78"]
[EventDate "2006.09.09"]

1. e4 c5 2. Nf3 e6 3. d4 cxd4 4. Nxd4 a6 5. Bd3 Qb6 6. Nb3 Nc6 7. Be3 Qc7 8. f4
Nf6 9. O-O d5 10. e5 Nd7 11. Nc3 b6 12. Qe2 Bb7 13. Qf2 g6 14. Na4 b5 15. Nb6
Rd8 16. Nxd7 Rxd7 17. Bb6 Qc8 18. Nc5 Bxc5 19. Bxc5 d4 20. b4 Ne7 21. Bxd4 O-O
22. Bc5 Rfd8 23. Rae1 Nf5 24. Bb6 Re8 25. Bxf5 exf5 26. Rd1 Rxd1 27. Rxd1 Qc4
28. a3 Qa2 29. Bd4 Qxa3 30. e6 fxe6 31. Qh4 e5 32. Bxe5 Qe3+ 33. Qf2 Qxf2+ 34.
Kxf2 Kf7 35. g3 Re7 36. Ke3 Bc6 37. Rd6 Re6 38. Kd4 Rxd6+ 39. Bxd6 Ke8 1/2-1/2

[Event "Prva liga Centralne Srbije"]
[Site "Smederevska Palanka"]
[Date "2006.10.07"]
[Round "5.6"]
[White "Djokic, Nenad"]
[Black "Klcesko, Nebojsa"]
[Result "1-0"]
[WhiteElo "2325"]
[BlackElo "1793"]
[PlyCount "71"]
[EventDate "2006.09.09"]

1. d4 d5 2. Nf3 Nf6 3. c4 c6 4. e3 g6 5. Nc3 Bg7 6. Bd3 O-O 7. O-O Bg4 8. h3
Bxf3 9. Qxf3 dxc4 10. Bxc4 e6 11. Rd1 Nbd7 12. e4 Qb6 13. Bb3 Rac8 14. Be3 Qa5
15. Rac1 c5 16. e5 Ne8 17. Qxb7 Nc7 18. f4 cxd4 19. Rxd4 Nc5 20. Qf3 Nxb3 21.
axb3 Qa6 22. Rc4 Na8 23. Ra4 Qd3 24. Rxa7 Bh6 25. Rca1 Nc7 26. Qe4 Rfd8 27.
Qxd3 Rxd3 28. Kf2 Bf8 29. Ke2 Rxe3+ 30. Kxe3 Bc5+ 31. Ke4 Kg7 32. Rb7 h5 33.
Rd1 Na6 34. Rdd7 Rf8 35. Kf3 Bg1 36. Ne4 1-0

[Event "Prva liga Centralne Srbije"]
[Site "Smederevska Palanka"]
[Date "2006.10.07"]
[Round "5.6"]
[White "Jakovljevic, Zivota"]
[Black "Vulicevic, Novica"]
[Result "1-0"]
[WhiteElo "2127"]
[BlackElo "2210"]
[PlyCount "83"]
[EventDate "2006.09.09"]

1. d4 d5 2. c4 c6 3. Nc3 Nf6 4. e3 Bg4 5. Qb3 Bc8 6. Nf3 e6 7. Bd2 Be7 8. Bd3
b6 9. Qc2 Ba6 10. cxd5 Bxd3 11. Qxd3 cxd5 12. Ne5 Nfd7 13. f4 f5 14. Nf3 O-O
15. O-O Qc8 16. Rfc1 Qb7 17. a3 Nc6 18. b4 Rfc8 19. Na4 Nd8 20. h3 Rxc1+ 21.
Rxc1 Rc8 22. Ra1 Nf7 23. g4 g6 24. gxf5 gxf5 25. b5 Nf6 26. Nc3 Ne4 27. Ne5
Nxe5 28. dxe5 Nxc3 29. Bxc3 Kh8 30. Bd4 Rg8+ 31. Kh2 Bxa3 32. Rxa3 Qg7 33. Qf1
Qg3+ 34. Kh1 Rg6 35. Rxa7 Rh6 36. Ra8+ Kg7 37. Qg2 Rxh3+ 38. Kg1 Qg4 39. Qxg4+
fxg4 40. Ra7+ Kg6 41. Bxb6 g3 42. Bd4 1-0